<?xml version="1.0" encoding="UTF-8"?>
<record
    xmlns:xsi="http://www.w3.org/2001/XMLSchema-instance"
    xsi:schemaLocation="http://www.loc.gov/MARC21/slim http://www.loc.gov/standards/marcxml/schema/MARC21slim.xsd"
    xmlns="http://www.loc.gov/MARC21/slim">

  <leader>03304nam a2200577Ia 4500</leader>
  <controlfield tag="001">772</controlfield>
  <controlfield tag="008">241029s9999    xx            000 0 und d</controlfield>
  <datafield tag="010" ind1=" " ind2=" ">
    <subfield code="a">698</subfield>
  </datafield>
  <datafield tag="041" ind1=" " ind2=" ">
    <subfield code="a">Espa&#xF1;ol</subfield>
  </datafield>
  <datafield tag="082" ind1=" " ind2=" ">
    <subfield code="a">NO APLICA</subfield>
  </datafield>
  <datafield tag="245" ind1=" " ind2="0">
    <subfield code="a">La atenci&#xF3;n a la diversidad de los alumnos de la Escuela Multigrado Noroestana del Distrito Educativo 09- 10 Mao. A&#xF1;o Lectivo 2012-2013 </subfield>
  </datafield>
  <datafield tag="260" ind1=" " ind2=" ">
    <subfield code="a">Valverde</subfield>
  </datafield>
  <datafield tag="300" ind1=" " ind2=" ">
    <subfield code="a">60</subfield>
  </datafield>
  <datafield tag="520" ind1=" " ind2=" ">
    <subfield code="a">30</subfield>
  </datafield>
  <datafield tag="630" ind1=" " ind2=" ">
    <subfield code="a">Centros Educativos</subfield>
  </datafield>
  <datafield tag="630" ind1=" " ind2=" ">
    <subfield code="a">Competencia Pedag&#xF3;gica</subfield>
  </datafield>
  <datafield tag="630" ind1=" " ind2=" ">
    <subfield code="a">Competencia Profesional</subfield>
  </datafield>
  <datafield tag="630" ind1=" " ind2=" ">
    <subfield code="a">Efectividad</subfield>
  </datafield>
  <datafield tag="630" ind1=" " ind2=" ">
    <subfield code="a">Sistema</subfield>
  </datafield>
  <datafield tag="650" ind1=" " ind2=" ">
    <subfield code="a">Gesti&#xF3;n Educativa</subfield>
  </datafield>
  <datafield tag="690" ind1=" " ind2=" ">
    <subfield code="a">Elaborado</subfield>
  </datafield>
  <datafield tag="700" ind1=" " ind2=" ">
    <subfield code="e">asesor</subfield>
    <subfield code="a">Bravo , Delfina</subfield>
  </datafield>
  <datafield tag="700" ind1=" " ind2=" ">
    <subfield code="e">autor</subfield>
    <subfield code="a">Ventura Ure&#xF1;a , Ar&#xED;stide Andr&#xE9;s </subfield>
  </datafield>
  <datafield tag="700" ind1=" " ind2=" ">
    <subfield code="e">autor</subfield>
    <subfield code="a">Minaya Tejada, Pedro Pablo</subfield>
  </datafield>
  <datafield tag="901" ind1=" " ind2=" ">
    <subfield code="a">{"1":"Ventura Ure&#xF1;a ","2":"Minaya Tejada"}</subfield>
    <subfield code="b">{"1":"Ar&#xED;stide Andr&#xE9;s ","2":"Pedro Pablo"}</subfield>
  </datafield>
  <datafield tag="902" ind1=" " ind2=" ">
    <subfield code="a">1</subfield>
  </datafield>
  <datafield tag="903" ind1=" " ind2=" ">
    <subfield code="a">{"1":"Bravo "}</subfield>
    <subfield code="b">{"1":"Delfina"}</subfield>
  </datafield>
  <datafield tag="904" ind1=" " ind2=" ">
    <subfield code="a">Maestr&#xED;a en</subfield>
  </datafield>
  <datafield tag="905" ind1=" " ind2=" ">
    <subfield code="a">Formaci&#xF3;n de Formadores</subfield>
  </datafield>
  <datafield tag="906" ind1=" " ind2=" ">
    <subfield code="a">1</subfield>
  </datafield>
  <datafield tag="907" ind1=" " ind2=" ">
    <subfield code="a">Menci&#xF3;n en</subfield>
  </datafield>
  <datafield tag="908" ind1=" " ind2=" ">
    <subfield code="a">Gesti&#xF3;n de Centros Educativos</subfield>
  </datafield>
  <datafield tag="909" ind1=" " ind2=" ">
    <subfield code="a">Universidad Aut&#xF3;noma de Santo Domingo (UASD)</subfield>
  </datafield>
  <datafield tag="910" ind1=" " ind2=" ">
    <subfield code="a">NULL</subfield>
    <subfield code="b">NULL</subfield>
  </datafield>
  <datafield tag="911" ind1=" " ind2=" ">
    <subfield code="a">["1"]</subfield>
  </datafield>
  <datafield tag="912" ind1=" " ind2=" ">
    <subfield code="a">NO APLICA</subfield>
  </datafield>
  <datafield tag="913" ind1=" " ind2=" ">
    <subfield code="a">NULL</subfield>
  </datafield>
  <datafield tag="914" ind1=" " ind2=" ">
    <subfield code="a">01 de Abril de 2013</subfield>
  </datafield>
  <datafield tag="915" ind1=" " ind2=" ">
    <subfield code="a">20/07/15 06:07</subfield>
  </datafield>
  <datafield tag="916" ind1=" " ind2=" ">
    <subfield code="a">NULL</subfield>
  </datafield>
  <datafield tag="917" ind1=" " ind2=" ">
    <subfield code="a">NULL</subfield>
  </datafield>
  <datafield tag="918" ind1=" " ind2=" ">
    <subfield code="a">NO APLICA</subfield>
  </datafield>
  <datafield tag="919" ind1=" " ind2=" ">
    <subfield code="a">["33","38","39","219","226"]</subfield>
  </datafield>
  <datafield tag="520" ind1=" " ind2=" ">
    <subfield code="a">&#xA0;El estudio se plante&#xF3; como objetivo principal elaborar un conjunto de acciones metodol&#xF3;gicas para el mejoramiento de la atenci&#xF3;n a la diversidad de los alumnos de la Escuela Multigrado Noroestana del Distrito Educativo 09-01 de Mao. La metodolog&#xED;a utilizada fue de tipo cualitativo, este estudio es de tipo bibliogr&#xE1;fico y de campo a su vez. Los m&#xE9;todos empleados fueron el emp&#xED;rico: &#xA0;la encuesta, la observaci&#xF3;n y el te&#xF3;rico: &#xA0;hist&#xF3;rico-l&#xF3;gico, el an&#xE1;lisis y la s&#xED;ntesis, el inductivo-deductivo, enfoque sist&#xE9;mico y estudio de fuentes documentales. La poblaci&#xF3;n fue de 48 alumnos (pre-primario-6to grado, del Nivel B&#xE1;sico) de la Escuela Noroestana y 9 docentes, &#xA0;se extrajo una muestra del 35% de los alumnos y 100% de los docentes.El diagn&#xF3;stico realizado evidenci&#xF3; una serie de afectaciones en la atenci&#xF3;n a la diversidad en las aulas multigrado en los indicadores de las dimensiones, preparaci&#xF3;n espacial del docente y la atenci&#xF3;n individual y grupal. El sistema de acciones propuesto con el enfoque sistem&#xE1;tico y personalizado, contribuye al mejoramiento de la atenci&#xF3;n a la diversidad en las aulas multigrado en la Escuela La Noroestana, al propiciar su implicaci&#xF3;n y partir del diagn&#xF3;stico. Los especialistas consideraron &#xA0;viable el sistema de acciones para contribuir al mejoramiento de la atenci&#xF3;n a la diversidad en las aulas del multigrado. La aplicaci&#xF3;n parcial confirma la viabilidad del sistema propuesto para los resultados favorables obtenidosEl &#xA0;estudio recomienda aplicar el conjunto de acciones en su totalidad a fin de incidir en el mejoramiento de la atenci&#xF3;n a la diversidad en las aulas y garantizar la experiencia a otras escuelas e instituciones.</subfield>
  </datafield>
  <datafield tag="921" ind1=" " ind2=" ">
    <subfield code="a">16</subfield>
  </datafield>
  <datafield tag="922" ind1=" " ind2=" ">
    <subfield code="a">16</subfield>
  </datafield>
  <datafield tag="923" ind1=" " ind2=" ">
    <subfield code="a">0</subfield>
  </datafield>
  <datafield tag="924" ind1=" " ind2=" ">
    <subfield code="a">NO APLICA</subfield>
  </datafield>
  <datafield tag="942" ind1=" " ind2=" ">
    <subfield code="c">Tesis</subfield>
  </datafield>
  <datafield tag="999" ind1=" " ind2=" ">
    <subfield code="c">698</subfield>
    <subfield code="d">698</subfield>
  </datafield>
</record>
